Game of Thrones by Eyes Quiz Stats

 Plays Quiz Updated Dec 5, 2016

Support Sporcle.
Go Orange.
Score 0/24 Timer 05:00
0 Plays Today
% Correct
Bran Stark
94%
Khal Drogo
92.9%
Tyrion Lannister
92.6%
Jon Snow
90.6%
Sansa Stark
89.9%
Arya Stark
89%
Robert Baratheon
88.9%
Eddard Stark
88.7%
Robb Stark
87.6%
Tywin Lannister
82%
Daenerys Targaryen
80.5%
Samwell Tarly
76.7%
% Correct
Sandor Clegane
74.3%
Jorah Mormont
73.4%
Catelyn Stark
71.2%
Jaime Lannister
67.9%
Ygritte
61.2%
Bronn
60.7%
Joffrey Baratheon
56.6%
Maester Luwin
54%
Petyr Baelish
53.8%
Cersei Lannister
53.6%
Renly Baratheon
42.1%
Hodor
31.2%

You're not logged in!

Compare scores with friends on all Sporcle quizzes.
OR
Log In

From the Vault

Bodies of Water by Description

by popestcyril

In general terms, these places are all wet.
Remove Ads.
Support Sporcle.
Get the best of Sporcle when you Go Orange. This ad-free experience offers more features, more stats, and more fun while also helping to support Sporcle. Thank you for becoming a member.

Show Comments

Extras

Top Quizzes Today


Score Distribution

Your Account Isn't Verified!

In order to create a playlist on Sporcle, you need to verify the email address you used during registration. Go to your Sporcle Settings to finish the process.

Report this User

Report this user for behavior that violates our Community Guidelines.

Details: